000 00497cam a22001932 4500
001 0000002861
005 20151217151906.0
008 070420s xx 000 0 eng d
020 _a045120400 :
_cKES 110
040 _aKABU
_cKABU
050 0 _aPS3560
_b.A37O6
100 1 _aJakes, John.
_@0000152362
245 1 0 _aOn secret service.
260 _aNew York :
_bSignet,
_c2000.
300 _a462 p.
908 _a070420
950 _@1
999 _c6062
_d6062